| 000 | 00704nam a22002177a 4500 | ||
|---|---|---|---|
| 005 | 20241101121809.0 | ||
| 008 | 241101b |||||||| |||| 00| 0 eng d | ||
| 020 | _a978-0-8138-0761 | ||
| 082 |
_a617.645 _bMOU-C |
||
| 100 | _aMoursi, Amr. M | ||
| 245 |
_aClinical Cases in Pediatric Dentistry / _cby Amr. M Moursi ; (Editor) Marcio A. da Fonseca ; Amy L. Truesdale |
||
| 250 | _a1st ed. | ||
| 260 |
_aUK : _bJohn Wiley & Sons Ltd ; _c2012. |
||
| 300 |
_axviii, 365 p. : _bill. ; _c28 cm. |
||
| 500 | _ainclude index. | ||
| 650 | _aDentistry / Medical | ||
| 650 | _aBDS/ Pediatric Dentistry | ||
| 700 | _aFonseca, Marcio A. da (Editor) | ||
| 700 | _aTruesdale, Amy L. (Editor) | ||
| 999 |
_c36738 _d36738 |
||